Darts PDC Young Player of the Year - Statistiken

Allgemein
  • Dieses Quiz wurde 335 mal gespielt
    186 seit der letzten Aktualisierung
  • Das Durchschnittsergebnis liegt bei 11 aus 18
Antwortstatistiken
Jahr Nationalität Spieler % Korrekt
2011 Niederlande Michael van Gerwen
94%
2012 Niederlande Michael van Gerwen
94%
2023 England Luke Littler
92%
2022 Nordirland Josh Rock
88%
2018 Deutschland Max Hopp
88%
2017 Belgien Dimitri Van den Bergh
84%
2021 Österreich Rusty-Jake Rodriguez
79%
2013 England Michael Smith
74%
2015 England Michael Smith
74%
2006 England James Wade
65%
2008 England James Wade
65%
2009 England Adrian Lewis
63%
2019 England Luke Humphries
61%
2016 Niederlande Benito van de Pas
16%
2020 England Callan Rydz
14%
2014 England Keegan Brown
14%
2010 England Arron Monk
8%
2007 England Kirk Shepherd
8%
Keine übereinstimmenden Quizze gefunden
Verteilung der Resultate
Anzahl Personen mit jedem Resultat
Perzentil nach korrekt beantworteten Fragen
Ihre Resultats-Entwicklung
Sie haben dieses Quiz seit der letzten Aktualisierung nicht gespielt